Sports Quiz

Random Sports or Football Quiz
Score 0/30 Timer 06:00
1 Play Today
Position Player % Correct
GKGianluigi Buffon
98%
STThierry Henry
95.9%
MFZinedine Zidane
95.6%
DFFabio Cannavaro
88.4%
MFAndrea Pirlo
86.1%
GKFabien Barthez
84.3%
DFMarco Materazzi
81%
STFrancesco Totti
80.5%
SUBAlessandro Del Piero
78.1%
STLuca Toni
76.5%
SUBDavid Trezeguet
75.3%
MFGennaro Gattuso
73.8%
DFFabio Grosso
73.4%
MFFranck Ribery
72%
CoachMarcello Lippi
70.4%
Position Player % Correct
DFLilian Thuram
69.3%
DFGianluca Zambrotta
66.9%
SUBDaniele De Rossi
66.9%
MFPatrick Vieira
64.9%
DFWilliam Gallas
62%
CoachRaymond Domenech
61.2%
DFEric Abidal
55%
DFWilly Sagnol
54.2%
MFFlorent Malouda
53.9%
MFMauro Camoranesi
52.4%
MFClaude Makelele
48.9%
SUBSylvain Wiltord
36%
SUBVincenzo Iaquinta
35.8%
MFSimone Perrotta
29.5%
SUBAlou Diarra
24.7%

You're not logged in!

Compare scores with friends on all Sporcle quizzes.
OR
Log In

Sporcle TV

Today on Sporcle TV


Watch our educational content, quiz creation guides, and fun videos on Sporcle TV.

Show Comments

Extras

Top Quizzes Today


Score Distribution

Paid Content

Your Account Isn't Verified!

In order to create a playlist on Sporcle, you need to verify the email address you used during registration. Go to your Sporcle Settings to finish the process.

Report this User

Report this user for behavior that violates our Community Guidelines.

Details: